000 00706cam a2200181 a 4500
001 000019826
005 20200929170143.0
008 100111s2008 mx a b f000 0 spa
020 _a9703514243
020 _a9789703514243
040 _aDO-SdBNP
_bspa
_cBNPHU
082 _axxxx
_bxxxx
245 0 0 _aRevistas culturales latinoamericanas, 1920-1690 /
_cCoordinadora Lydia Elizalde.
260 _aMexico, D. F. :
_bUniversidad Iberoamericana
_bUniversidad Autónoma del Estado de Morelos
_bConsejo Nacional para la Cultura y las Artes,
_c2008.
300 _a295 p. :
_bil. ;
_c21 cm.
504 _aIncluye referencias bibliográficas y notas al pie de las páginas
700 1 _aElizalde, Lydia,
_ecoord.
_942319
999 _c19339
_d19339